[Event "Niedersachsen-ch U16"]
[Site "Rotenburg/Wuemme"]
[Date "2007.04.05"]
[Round "8"]
[White "Kuberczyk, Christoph"]
[Black "Stuehmeier, Chris"]
[Result "1/2-1/2"]
[WhiteElo "1685"]
[BlackElo "1893"]
[PlyCount "41"]
[EventDate "2007.03.31"]
[EventType "swiss"]
[EventRounds "9"]
[EventCountry "GER"]
[SourceTitle "EXT 2008"]
[Source "ChessBase"]
[SourceDate "2007.11.25"]
[SourceVersion "1"]
[SourceVersionDate "2007.11.25"]
[SourceQuality "1"]

1. e4 c5 2. Nf3 Nc6 3. Bb5 e6 4. 0-0 Nge7 5. c3 a6 6. Ba4 d5 7. d3 b5 8. Bc2 Bb7 9. Nbd2 Ng6 10. Re1 Be7 11. Nf1 0-0 12. h3 Qc7 13. g3 Rad8 14. Qe2 Bf6 15. Bg5 Bxg5 16. Nxg5 h6 17. Nf3 dxe4 18. dxe4 c4 19. Rad1 Nge5 20. Nxe5 Nxe5 21. f4 1/2-1/2

[Event "Niedersachsen-ch U16"]
[Site "Rotenburg/Wuemme"]
[Date "2007.04.02"]
[Round "4"]
[White "Stuehmeier, Chris"]
[Black "Hilgendorff, Finn"]
[Result "0-1"]
[WhiteElo "1893"]
[BlackElo "1917"]
[PlyCount "74"]
[EventDate "2007.03.31"]
[EventType "swiss"]
[EventRounds "9"]
[EventCountry "GER"]
[SourceTitle "EXT 2008"]
[Source "ChessBase"]
[SourceDate "2007.11.25"]
[SourceVersion "1"]
[SourceVersionDate "2007.11.25"]
[SourceQuality "1"]

1. Nf3 d5 2. g3 c6 3. Bg2 Bg4 4. d4 Nd7 5. 0-0 e6 6. Nbd2 f5 7. c4 Bxf3 8. exf3 Qf6 9. cxd5 exd5 10. Nb3 Bd6 11. f4 Ne7 12. Qd3 0-0 13. Re1 Qf7 14. a3 Nf6 15. Nd2 b6 16. Nf3 c5 17. dxc5 bxc5 18. Ng5 Qg6 19. Ne6 Rfc8 20. Ng5 Ne4 21. Nxe4 fxe4 22. Qb3 Kh8 23. Bd2 Rab8 24. Qc2 Nc6 25. Bc3 Be7 26. Rad1 Nd4 27. Qa4 Bf6 28. Qxa7 Qh5 29. Bxd4 cxd4 30. Qa5 Qf7 31. Rd2 d3 32. h4 Bxb2 33. Rb1 Bd4 34. Rb4 Rxb4 35. axb4 e3 36. Rxd3 e2 37. b5 Bc3 0-1

[Event "GER North-chT U16"]
[Site "Magdeburg"]
[Date "2006.08.28"]
[Round "5.2"]
[White "Stuehmeier, Chris"]
[Black "Maiorov, Daniel"]
[Result "1/2-1/2"]
[WhiteElo "1821"]
[BlackElo "1827"]
[PlyCount "53"]
[EventDate "2006.08.26"]
[EventType "team"]
[EventRounds "7"]
[EventCountry "GER"]
[SourceTitle "EXT 2007"]
[Source "ChessBase"]
[SourceDate "2006.11.23"]
[SourceVersion "1"]
[SourceVersionDate "2006.11.23"]
[SourceQuality "1"]

1. Nf3 d5 2. g3 Nf6 3. Bg2 Bf5 4. 0-0 e6 5. d4 c6 6. c4 Bd6 7. Nc3 Nbd7 8. Nd2 h5 9. e4 dxe4 10. Ndxe4 Nxe4 11. Nxe4 Nf6 12. Bg5 Be7 13. Nxf6+ Bxf6 14. Bxf6 Qxf6 15. Qb3 0-0 16. Rad1 Rab8 17. Qa3 h4 18. d5 h3 19. Bf3 cxd5 20. cxd5 b5 21. Rd2 exd5 22. Bxd5 b4 23. Qb3 Rfe8 24. f4 Re7 25. Bf3 Qb6+ 26. Kh1 Rbe8 27. Qd1 1/2-1/2

[Event "GER North-chT U16"]
[Site "Magdeburg"]
[Date "2006.08.27"]
[Round "4.2"]
[White "Wolf, Carolin"]
[Black "Stuehmeier, Chris"]
[Result "0-1"]
[WhiteElo "1485"]
[BlackElo "1821"]
[PlyCount "152"]
[EventDate "2006.08.26"]
[EventType "team"]
[EventRounds "7"]
[EventCountry "GER"]
[SourceTitle "EXT 2007"]
[Source "ChessBase"]
[SourceDate "2006.11.23"]
[SourceVersion "1"]
[SourceVersionDate "2006.11.23"]
[SourceQuality "1"]

1. e4 c5 2. d4 cxd4 3. c3 d3 4. c4 Nc6 5. Nf3 g6 6. a3 Bg7 7. Bxd3 d6 8. h3 Nf6 9. 0-0 0-0 10. Qe2 Nd7 11. Ra2 Nce5 12. Nxe5 Nxe5 13. Bc2 Nc6 14. Be3 b6 15. Rd1 Ba6 16. b4 Ne5 17. Bb3 Rc8 18. Nd2 Rc7 19. f4 Nd7 20. Qf2 Bb7 21. f5 Nf6 22. fxg6 hxg6 23. e5 dxe5 24. Nf3 Qc8 25. Ng5 Ne4 26. Qh4 Nxg5 27. Bxg5 Rd8 28. Rxd8+ Qxd8 29. Rd2 Rd7 30. Qf2 Rxd2 31. Bxd2 Qd3 32. Qe3 e4 33. Qxd3 exd3 34. Be3 Bb2 35. a4 Bc3 36. b5 Bb4 37. Kf2 e5 38. g3 Kg7 39. Bc1 e4 40. Bb2+ Kf8 41. Ke3 f5 42. Be5 a5 43. bxa6 Bxa6 44. Bc7 Bc5+ 45. Kd2 Bc8 46. Bf4 Bd4 47. h4 Bd7 48. Bg5 Be5 49. Bf4 Bd4 50. Bd6+ Kg7 51. Bf4 Be6 52. Ba2 Kf7 53. Bb3 Ke7 54. Be3 Bc5 55. Bf4 Kf7 56. Bg5 Kg7 57. Bf4 Bd4 58. Bg5 Bf6 59. Bf4 g5 60. hxg5 Bd8 61. Be3 Kg6 62. Kc3 Bxg5 63. Bf4 Bf6+ 64. Kd2 Bd4 65. Ba2 Kh5 66. Bb3 Kg4 67. Bd1+ Kh3 68. Bb3 Kg2 69. Bd6 Kf3 70. Bf4 Bc5 71. Kc3 Ke2 72. Be5 d2 73. Bf4 d1Q 74. Bxd1+ Kxd1 75. Kb3 e3 76. g4 fxg4 0-1

[Event "Niedersachsen-chT U14"]
[Site "Verden"]
[Date "2006.05.27"]
[Round "6.2"]
[White "Seemann, Semjon"]
[Black "Stuehmeier, Chris"]
[Result "1-0"]
[WhiteElo "1896"]
[BlackElo "1734"]
[PlyCount "71"]
[EventDate "2006.05.25"]
[EventType "team"]
[EventRounds "7"]
[EventCountry "GER"]
[SourceTitle "EXT 2007"]
[Source "ChessBase"]
[SourceDate "2006.11.23"]
[SourceVersion "1"]
[SourceVersionDate "2006.11.23"]
[SourceQuality "1"]

1. e4 c5 2. Nf3 Nc6 3. d4 cxd4 4. Nxd4 Nf6 5. Nc3 e6 6. Ndb5 d6 7. Bf4 e5 8. Bg5 a6 9. Na3 b5 10. Nd5 Be6 11. c3 Bxd5 12. exd5 Nb8 13. Nc2 Be7 14. Ne3 h6 15. Bxf6 Bxf6 16. a4 bxa4 17. Qxa4+ Nd7 18. Bb5 Rb8 19. Bc6 g6 20. Nc4 Ke7 21. Bxd7 Qxd7 22. Qxd7+ Kxd7 23. Rxa6 Be7 24. Ra7+ Ke8 25. Kd2 Rd8 26. Rha1 f5 27. R1a6 Rh7 28. Kc2 Rf7 29. Na5 Bf8 30. Nc6 Rxa7 31. Rxa7 Rd7 32. Ra8+ Kf7 33. b4 Be7 34. b5 Rb7 35. c4 g5 36. Na5 1-0

[Event "Niedersachsen-ch U14"]
[Site "Rotenburg/Wuemme"]
[Date "2005.03.22"]
[Round "5"]
[White "Stuehmeier, Chris"]
[Black "Collmann, Martin"]
[Result "1/2-1/2"]
[WhiteElo "1717"]
[BlackElo "1633"]
[PlyCount "34"]
[EventDate "2005.03.19"]
[EventType "swiss"]
[EventRounds "9"]
[EventCountry "GER"]
[SourceTitle "EXT 2007"]
[Source "ChessBase"]
[SourceDate "2006.11.23"]
[SourceVersion "1"]
[SourceVersionDate "2006.11.23"]
[SourceQuality "1"]

1. Nf3 Nf6 2. g3 g6 3. Bg2 Bg7 4. 0-0 0-0 5. d4 d6 6. c4 Nbd7 7. Nc3 e5 8. e3 Nh5 9. b3 f5 10. Bb2 e4 11. Ne1 Nhf6 12. Nc2 Nb6 13. Qe2 d5 14. c5 Nbd7 15. b4 a6 16. a4 c6 17. b5 Nb8 1/2-1/2

[Event "Bad Zwesten op 9th"]
[Site "Bad Zwesten"]
[Date "2005.01.08"]
[Round "9"]
[White "Stuehmeier, Chris"]
[Black "Gross, Heinrich"]
[Result "0-1"]
[WhiteElo "1568"]
[BlackElo "2027"]
[PlyCount "84"]
[EventDate "2005.01.02"]
[EventType "swiss"]
[EventRounds "9"]
[EventCountry "GER"]
[SourceTitle "CBM 104 Extra"]
[Source "ChessBase"]
[SourceDate "2005.03.01"]
[SourceVersion "1"]
[SourceVersionDate "2005.03.01"]
[SourceQuality "1"]

1. Nf3 f5 2. g3 Nf6 3. Bg2 e6 4. 0-0 Be7 5. d4 d5 6. c4 c6 7. Nc3 0-0 8. h3 Bd7 9. Be3 Be8 10. Qb3 Qb6 11. cxd5 Qxb3 12. axb3 exd5 13. Na4 Nbd7 14. Nc5 Nxc5 15. dxc5 Ne4 16. b4 Bh5 17. Rfe1 Bf6 18. Bd4 Bxf3 19. exf3 Bxd4 20. fxe4 fxe4 21. Re2 a6 22. Rd2 Be5 23. Re1 Bc7 24. Re3 Rf6 25. Bxe4 dxe4 26. Rxe4 Raf8 27. Re7 R6f7 28. Rde2 h6 29. R7e3 Bd8 30. Rd3 Bf6 31. Kg2 Kh7 32. f4 Rd8 33. Rb3 Rfd7 34. Ree3 Rd2+ 35. Kf3 Rxb2 36. g4 Rxb3 37. Rxb3 Rd4 38. f5 Rc4 39. Kg2 Bc3 40. Kh2 Bxb4 41. Kg2 a5 42. Kh2 Rxc5 0-1

[Event "Bad Zwesten op 9th"]
[Site "Bad Zwesten"]
[Date "2005.01.02"]
[Round "1"]
[White "Haase, Reinhard"]
[Black "Stuehmeier, Chris"]
[Result "1-0"]
[WhiteElo "2168"]
[BlackElo "1568"]
[PlyCount "57"]
[EventDate "2005.01.02"]
[EventType "swiss"]
[EventRounds "9"]
[EventCountry "GER"]
[SourceTitle "CBM 104 Extra"]
[Source "ChessBase"]
[SourceDate "2005.03.01"]
[SourceVersion "1"]
[SourceVersionDate "2005.03.01"]
[SourceQuality "1"]

1. c4 Nf6 2. Nc3 d5 3. cxd5 Nxd5 4. d4 g6 5. e4 Nxc3 6. bxc3 Bg7 7. Bc4 0-0 8. Ne2 c5 9. 0-0 cxd4 10. cxd4 Nc6 11. Be3 e6 12. Qd2 b6 13. Rad1 Bb7 14. Bh6 Qh4 15. Bxg7 Kxg7 16. f4 Rfd8 17. Rf3 h5 18. Rh3 Qe7 19. f5 exf5 20. exf5 Bc8 21. f6+ Qxf6 22. Rf1 Qxf1+ 23. Kxf1 Bxh3 24. gxh3 Ne5 25. Bb3 Nd7 26. Qg5 Nf8 27. Nf4 Ne6 28. Bxe6 fxe6 29. Nxe6+ 1-0

[Event "GER-chT North U16"]
[Site "Syke"]
[Date "2004.09.16"]
[Round "2.1"]
[White "Feuerstack, Aljoscha"]
[Black "Stuehmeier, Chris"]
[Result "1-0"]
[WhiteElo "2219"]
[BlackElo "1667"]
[PlyCount "83"]
[EventDate "2004.09.16"]
[EventType "team-swiss"]
[EventRounds "7"]
[EventCountry "GER"]
[SourceTitle "EXT 2006"]
[Source "ChessBase"]
[SourceDate "2005.11.24"]
[SourceVersion "1"]
[SourceVersionDate "2005.11.24"]
[SourceQuality "1"]

1. e4 c5 2. c3 d5 3. exd5 Qxd5 4. d4 g6 5. dxc5 Qxd1+ 6. Kxd1 Bg4+ 7. Be2 Bxe2+ 8. Nxe2 Nd7 9. Be3 Rd8 10. Kc2 Bg7 11. Na3 a6 12. Nc4 Rc8 13. b4 Nh6 14. Rad1 Nf5 15. Bf4 e5 16. g4 exf4 17. gxf5 Be5 18. Rxd7 Kxd7 19. Nxe5+ Ke7 20. Nxf4 Kf6 21. Nc4 Kxf5 22. Nd3 Kf6 23. Nd6 Rc7 24. Re1 Kg5 25. Ne5 Rf8 26. f4+ Kxf4 27. Nexf7 Kf3 28. Ng5+ Kf2 29. Kd2 Kg2 30. Nde4 Rd7+ 31. Ke3 Re7 32. Re2+ Kf1 33. Rd2 h6 34. Nf3 Rxf3+ 35. Kxf3 Rf7+ 36. Ke3 Kg1 37. a4 g5 38. b5 g4 39. Nd6 Re7+ 40. Kf4 h5 41. b6 Kf1 42. c6 1-0

[Event "Niedersachsen-chT U16"]
[Site "Verden"]
[Date "2004.05.23"]
[Round "7.1"]
[White "Baisakow, Alexander"]
[Black "Stuehmeier, Chris"]
[Result "1-0"]
[WhiteElo "1783"]
[BlackElo "1579"]
[PlyCount "65"]
[EventDate "2004.05.20"]
[EventType "team"]
[EventRounds "7"]
[EventCountry "GER"]
[SourceTitle "EXT 2005"]
[Source "ChessBase"]
[SourceDate "2004.11.15"]
[SourceVersion "1"]
[SourceVersionDate "2004.11.15"]
[SourceQuality "1"]
[WhiteTeam "01"]
[BlackTeam "06"]
[WhiteTeamCountry "GER"]
[BlackTeamCountry "GER"]

1. d4 Nf6 2. Nf3 g6 3. Bg5 d5 4. e3 Bg7 5. c4 0-0 6. Nc3 c6 7. Qb3 Ne4 8. Nxe4 dxe4 9. Nd2 f5 10. c5+ Kh8 11. Nc4 Nd7 12. Be2 Re8 13. 0-0 Rb8 14. Nd6 Rf8 15. Nf7+ Rxf7 16. Qxf7 Nf6 17. Qb3 b6 18. Bf4 Ra8 19. cxb6 axb6 20. Be5 Nd5 21. Bxg7+ Kxg7 22. Rfc1 Qd6 23. Bc4 Be6 24. Bxd5 Bxd5 25. Qxb6 Rxa2 26. Rxa2 Bxa2 27. Qxc6 Qb8 28. Qc3 Bd5 29. b4 h5 30. Qc5 e6 31. Qc7+ Qxc7 32. Rxc7+ Kf8 33. h4 1-0

[Event "Niedersachsen-ch U14"]
[Site "Borkum"]
[Date "2004.04.06"]
[Round "6"]
[White "Stuehmeier, Chris"]
[Black "Sauer, Norwin"]
[Result "0-1"]
[WhiteElo "1493"]
[BlackElo "1594"]
[PlyCount "96"]
[EventDate "2004.04.??"]
[EventType "swiss"]
[EventRounds "9"]
[EventCountry "GER"]
[SourceTitle "EXT 2005"]
[Source "ChessBase"]
[SourceDate "2004.11.15"]
[SourceVersion "1"]
[SourceVersionDate "2004.11.15"]
[SourceQuality "1"]

1. Nf3 d5 2. g3 c5 3. Bg2 Nc6 4. d4 e6 5. 0-0 Nf6 6. c4 dxc4 7. dxc5 Qxd1 8. Rxd1 Bxc5 9. Nc3 h6 10. Nd2 0-0 11. Nxc4 Rd8 12. Be3 Bxe3 13. Nxe3 Bd7 14. Na4 Ne7 15. Nc3 Bc6 16. a3 Bxg2 17. Kxg2 Rac8 18. Rxd8+ Rxd8 19. Rd1 Rxd1 20. Nexd1 Nfd5 21. Nxd5 Nxd5 22. Nc3 Nxc3 23. bxc3 Kf8 24. Kf3 Ke7 25. Ke4 Kd6 26. Kd4 Kc6 27. Kc4 b5+ 28. Kb4 Kb6 29. c4 a5+ 30. Kb3 Kc5 31. cxb5 Kxb5 32. a4+ Kc5 33. Kc3 e5 34. e4 g6 35. h3 f5 36. exf5 gxf5 37. f4 Kd5 38. Kd3 e4+ 39. Ke3 h5 40. g4 fxg4 41. hxg4 hxg4 42. f5 g3 43. Ke2 Ke5 44. Kf1 Kxf5 45. Kg2 Kf4 46. Kf1 Kf3 47. Kg1 g2 48. Kh2 Kf2 0-1